• Martín Rodríguez, Guillermo,

di Personal Name

Records bibliografici associati: 1

001 - CONTROL NUMBER

  • control field: 7420

003 - CONTROL NUMBER IDENTIFIER

  • control field: IT-RoINE

005 - DATE AND TIME OF LATEST TRANSACTION

  • control field: 20141107112719.0

008 - FIXED-LENGTH DATA ELEMENTS

  • fixed length control field: 140508|| aca||aabn | a|a d

040 ## - CATALOGING SOURCE

  • Original cataloging agency: IT-RoINE
  • Transcribing agency: IT-RoINE

100 1# - HEADING--PERSONAL NAME

  • Personal name: Martín Rodríguez, Guillermo,
  • Dates associated with a name: 1938-

670 ## - SOURCE DATA FOUND

  • Source citation: Work cat.: (IT-RoINE)0: Saberes y sabores :, [1998].